| 000 | 00660nam a22002057a 4500 | ||
|---|---|---|---|
| 005 | 20140728111621.0 | ||
| 010 | _aB-535631-648 | ||
| 020 | _c550.00 | ||
| 035 | _aB-535631-648 | ||
| 037 |
_adpl _bBSB/Ven |
||
| 082 | _a483 | ||
| 100 | _aHeller, Ruth | ||
| 245 |
_aMerriam-Webster's first dictionary/ _cby Ruth Heller |
||
| 260 |
_aU.S.A. _bMerriam-Webster, Incorporated _c2012 |
||
| 270 |
_aSpringfield, Massachusetts, _bU.S.A. |
||
| 300 |
_a436p.: _c27cm.(Hb) _bcol.ill. |
||
| 500 | _aIt incudes index. | ||
| 942 |
_2ddc _cCH _mHEL _h483 |
||
| 999 |
_c87473 _d87473 |
||